000 00686nam a2200217Ii 4500
003 JO-AjNU
008 230605s9999||||xx |||||||||||||| ||und||
017 _a2009/10/4443
040 _aJO-AjNU
_bara
_erda
_cJO-AjNU
041 _aara
050 1 4 _aRJ505.B4.B87 2010
100 3 _aبطرس ، بطرس حافظ,
_eauthor
_928033
245 0 0 _aتعديل وبناء سلوك الاطغال
250 _aط1
264 3 1 _aعمان:دار المسيرة ، 2010
300 _a384ص
336 _atext
_btxt
_2rdacontent
337 _aunmediated
_bn
_2rdamedia
338 _avolume
_bnc
_2rdacarrier
650 4 _aسيكولوجية الاطفال - رعاية الطفولة
_928034
999 _aA10823
_c14391
_d14391